000 00679nam a2200169 4500
008 160506b xxu||||| |||| 00| 0 eng d
020 _a9789710426010
082 _22006
_aDFil 330.95
_bN31
245 _aNegotiating globalization in Asia/
_cAteneo Center for Asian Studies (ACAS).
260 _aQuezon City:
_bAteneo Center for Asian Studies (ACAS),
_cc2006.
300 _ax, 337 pages:
_billustrations;
_c23 cm.
500 _aIncludes bibliographical references and index.
650 0 _97643
_aAsai
_xEconomic conditions
_xRegional diparities
650 0 _97644
_aGlobalization
_xCross-cultural studies
710 _97645
_aAteneo Center for Asian Studies (ACAS).
942 _2ddc
_cDFIL
999 _c2331
_d2331